000 00507nam a2200181Ia 4500
001 57217
008 131128n ii |||gr||||Z||||||297
082 _a891.551
245 0 _aDastan -e-Farud As Shahnama-i- Firdausi
_cFirdausi Tusi
_hTextual Documents
250 _aIst ed.
260 _bBuniad-e-Shahnama Firdau.
300 _c27cm.
500 _aEdited by Muhammad Raushan
653 _aIslamic Studies
653 _aDeptt- Islamic Studies
700 _aTusi, Firdausi .,
_eAuthor.
942 _2ddc
_cBK
999 _c57130
_d57130